• 首页
  • 本馆介绍
  • 公告通知
  • 最新文献
  • 馆藏检索
  • 电子资源
  • 读者导购
  • 参考咨询
  • 我的图书馆
  • 登录
  • 详细信息显示
  • 放入我的书架
  • 预约/预借图书
  • 作者相关作品
  • 分类相关作品
  • 丛书相关作品
  • 出版社相关作品

书目信息

  • 表格格式
  • 工作单格式
  • 卡片格式
题名:
列子集释
    
 
作者: 杨伯峻 撰
分册:  
出版信息: 北京   中华书局  1979
页数: 350页
开本: 20cm
丛书名:
单 册:
中图分类: B223.22
科图分类:
主题词: 列御冠--哲学--注释 , 列御冠--浅释
电子资源:
ISBN:
000 00582nam0 2200229 45
001 0179007180
005 20060813152843.65
010    @dCNY1.30
091    @a2018.153
100    @a19950905d1979 em y0chiy0121 ea
101 0  @achi
102    @aCN@b110000
105    @ay z 000yy
200 10 @a列子集释@Alie zi ji shi@f杨伯峻撰@FYang Bo Jun Zhuan
210    @a北京@c中华书局@d1979
215    @a350页@d20cm
606    @a列御冠@x哲学@x注释
606 0  @a列御冠@x浅释
690    @aB223.22@v3
701  0 @a杨伯峻@4撰
801  0 @aCN@bNLC@c20060813
905    @dB223.22@e4@f1@b107004
    
    列子集释/杨伯峻撰.-北京:中华书局,1979
    350页;20cm
    
    
    ISBN :CNY1.30
    
●
相关链接 在E读中查询图书 在五车中查询图书 在当当中查询图书 在豆瓣中查询图书


正题名:列子集释     索取号:B223.22/4         预约/预借

序号 登录号 条形码 馆藏地/架位号 状态 备注
1 0107004   000527772   第一样本阅览室/ [索取号:B223.22/4] 在馆    
2 0200196   000527781   密集书库/ [索取号:B223.22/4] 在馆    
3 0440150   204401502   密集书库/ [索取号:B223.22/4] 在馆    
4 0459380   204593804   密集书库/ [索取号:B223.22/4] 在馆    
唐山师范学院图书馆 欢迎您!
大连网信软件有限公司© 版权所有